000 00314nam a22001457a 4500
008 221205b ||||| |||| 00| 0 eng d
020 _a9780077660772
041 _aeng
080 _a330.1
082 _a330.1MCC
100 _a23.1
101 _aMACRO
245 _aMACROECONOMICS
_cMcCONNELL
942 _2udc
_cBK
999 _c59101
_d59101